Loading...
Ardha Nagnan /
| Main Author: | |
|---|---|
| Format: | Printed Book |
| Language: | Malayalam |
| Published: |
Thrissur :
Current Books ,
1989.
|
| Subjects: |
| LEADER | 00488nam a2200145Ia 4500 | ||
|---|---|---|---|
| 008 | 150624b xxu||||| |||| 00| f mal d | ||
| 082 | |a 853.4B12 | ||
| 100 | |a Balanarayanan | ||
| 245 | |c Balanarayanan |a Ardha Nagnan / | ||
| 260 | |a Thrissur : |b Current Books , |c 1989. | ||
| 546 | |a In Malayalam. | ||
| 650 | |v Novel | ||
| 942 | |c BK | ||
| 999 | |c 83183 |d 83183 | ||
| 952 | |0 0 |1 0 |4 0 |6 853_000000000000000_4B12_ARD_M |7 0 |9 83127 |a UL |b UL |c ST1 |d 1998-08-28 |l 1 |o 853.4B12 ARD M |p 66792 |r 2015-12-02 |s 2015-11-02 |w 2012-10-27 |y BK | ||